Advanced accounting / (Record no. 2274)
[ view plain ]
| 000 -LEADER | |
|---|---|
| fixed length control field | 01136nam a2200385 a 4500 |
| 001 - CONTROL NUMBER | |
| control field | VNU120131230 |
| 005 - DATE AND TIME OF LATEST TRANSACTION | |
| control field | 20200924215231.0 |
| 008 - FIXED-LENGTH DATA ELEMENTS--GENERAL INFORMATION | |
| fixed length control field | 120309s2011 xxc|||||||||||||||||eng|| |
| 020 ## - INTERNATIONAL STANDARD BOOK NUMBER | |
| International Standard Book Number | 0078136628 |
| 020 ## - INTERNATIONAL STANDARD BOOK NUMBER | |
| International Standard Book Number | 9780078136627 |
| 040 ## - CATALOGING SOURCE | |
| Original cataloging agency | ISVNU |
| Language of cataloging | vie |
| Transcribing agency | ISVNU |
| Description conventions | aaacr2 |
| 041 0# - LANGUAGE CODE | |
| Language code of text/sound track or separate title | eng |
| 044 ## - COUNTRY OF PUBLISHING/PRODUCING ENTITY CODE | |
| MARC country code | xxc |
| 082 74 - DEWEY DECIMAL CLASSIFICATION NUMBER | |
| Classification number | 657/.046 |
| Edition number | 22 |
| 090 ## - LOCALLY ASSIGNED LC-TYPE CALL NUMBER (OCLC); LOCAL CALL NUMBER (RLIN) | |
| Classification number (OCLC) (R) ; Classification number, CALL (RLIN) (NR) | 657 |
| Local cutter number (OCLC) ; Book number/undivided call number, CALL (RLIN) | HOY 2011 |
| 100 1# - MAIN ENTRY--PERSONAL NAME | |
| Personal name | Hoyle, Joe Ben. |
| 245 10 - TITLE STATEMENT | |
| Title | Advanced accounting / |
| Statement of responsibility, etc. | Joe B. Hoyle, Thomas F. Schaefer, Timothy S. Doupnik. |
| 250 ## - EDITION STATEMENT | |
| Edition statement | 10th ed. |
| 260 ## - PUBLICATION, DISTRIBUTION, ETC. | |
| Place of publication, distribution, etc. | New York : |
| Name of publisher, distributor, etc. | McGraw-Hill Irwin, |
| Date of publication, distribution, etc. | c2011 |
| 300 ## - PHYSICAL DESCRIPTION | |
| Extent | xx, 860 p. : |
| Other physical details | ill. ; |
| Dimensions | 29 cm. |
| 500 ## - GENERAL NOTE | |
| General note | Original: E-C7/00080; Copy: E-C7/00081-2 |
| 504 ## - BIBLIOGRAPHY, ETC. NOTE | |
| Bibliography, etc. note | Includes bibliographical references and index. |
| 650 #0 - SUBJECT ADDED ENTRY--TOPICAL TERM | |
| Topical term or geographic name entry element | Accounting. |
| 653 ## - INDEX TERM--UNCONTROLLED | |
| Uncontrolled term | Kế toán |
| 653 ## - INDEX TERM--UNCONTROLLED | |
| Uncontrolled term | Kế toán cao cấp |
| 700 1# - ADDED ENTRY--PERSONAL NAME | |
| Personal name | Doupnik, Timothy S. |
| 700 1# - ADDED ENTRY--PERSONAL NAME | |
| Personal name | Schaefer, Thomas F. |
| 912 ## - | |
| -- | Hoàng Yến |
| 913 ## - | |
| -- | Khoa Quốc tế 01 |
| 914 ## - | |
| -- | Lê Thị Hải Anh |
| 918 ## - Mã học phần | |
| Mã học phần | ACC351 |
| 918 ## - Mã học phần | |
| Mã học phần | Chương trình Keuka |
| 918 ## - Mã học phần | |
| Mã học phần | Sách giáo trình chương trình Keuka |
| 942 ## - ADDED ENTRY ELEMENTS (KOHA) | |
| Source of classification or shelving scheme | |
| Koha item type | Giáo trình |
| Withdrawn status | Lost status | Source of classification or shelving scheme | Damaged status | Not for loan | Home library | Current library | Shelving location | Date acquired | Source of acquisition | Total Checkouts | Full call number | Barcode | Date last seen | Price effective from | Koha item type |
|---|---|---|---|---|---|---|---|---|---|---|---|---|---|---|---|
| N/A | N/A | N/A | N/A | Thư viện Trường Quốc tế - Cơ sở Xuân Thủy | Thư viện Trường Quốc tế - Cơ sở Xuân Thủy | Kho giáo trình | 11/12/2012 | 1 | 657 HOY 2011 | E-C7/00080 | 23/09/2019 | 23/10/2019 | Giáo trình |



